1391 1640 1679 1431 1788 1471 1070 1870 1920 1646 1819 1675 1414 1091 1406 1585 1413 1302 1610 1596 1189 1430 1926 1539 1935 1375 1214 1233 1015 1397 1584 1218 1208 1089 1254 1216 1753 1704 1947 1525 1427 1634 1951 1269 1192 1388 1649 1774 1127 1676 1550 1826 1539 1983 1773 1365 1407 1842 1867 1324 1778 1835 1319 1284 1473 1828 1852 1326 1183 1875 1816 1155 1239 1582 1107 1164 1618 1311 1608 1384 1554 1104 1866 1795 1740 1004 1910 1780 1156 1254 1267 1148 1417 1823 1053 1107 1418 1012 1643 BCNSPRNW ULIB Ver.6.0+V

เปลี่ยนเป็นภาษาไทย

Change to English
 แสดงรายละเอียดบรรณานุกรม
  กลับหน้าหลัก

Brief Record : Get Marc (ISO 2709) : E-mail record : QR code < ปิดหน้าต่าง
LEADER : 00000nam 2200000uu 4500
001    13399112550
003     ULIB
008    110824s2554||||th 000 0 tha d
020    9786169017325
050  4 QH308.2^bS111ช 2554
100 0  พงษ์รัตน์ ดำรงโรจน์วัฒนา บรรณาธิการ
245 10 ชีววิทยา 1 /^cคณาจารย์ ภาควิชาชีววิทยา มหาวิทยาลัยขอนแก่น
250    พิมพ์ครั้งที่ 4
260    กรุงเทพฯ :^bเจเอสที พับลิชชิ่ง จำกัด,^c2554
300    890 หน้า :^bภาพประกอบ ;^c27 ซม.
650  7 ชีววิทยา
650  7 วิทยาศาสตร์ชีวภาพ
945    ^p650^l0^i18519
945    ^p650^l0^i18520
945    ^p650^l0^i18521
945    ^p650^l0^i18522
995    กัณชพร
999     ^aใช้งานได้ทุกระบบ
รายการนี้ยังไม่มีแท็ก
คุณยังไม่ได้ล็อกอิน คุณสามารถมีกิจกรรมร่วมกับเว็บไซต์ได้ แต่ต้องล็อกอินก่อน ::
  ล็อกอิน

รายการสื่อสารสนเทศ

ลำดับที่ ประเภท เลขเรียก/บาร์โค้ด สถานที่ สถานะ
- ไม่พบข้อมูล -

รายการใกล้เคียง
    หัวเรื่อง [ชีววิทยา]
    หัวเรื่อง [วิทยาศาสตร์ชีวภาพ]

BibComment


ยังไม่เคยถูกคอมเมนท์

คอมเมนท์ทรัพยากรรายการนี้
  คอมเมนท์: ชีววิทยา 1 คณาจา..


 Copyright 2026. Bcnsprnw @Library